000 00581nam a22001937a 4500
003 OSt
005 20240430163724.0
008 240430b |||||||| |||| 00| 0 eng d
020 _a0521451841
040 _cDDC
082 _a530.13 PRO 1995
100 _4Prohofsky,Earl
245 _aStatistical Mechanics and Stability of Macromolecules
260 _aNew York
_bUniversity of Cambridge
_c1995
300 _ax;227p,
_bill,
_c23.4cm
504 _aIncludes bibliographical Appendixes,References and index
650 _2Statistical Mechanics
_aPhysics
_9809
942 _2ddc
_cO_SHELF
999 _c8316
_d8316